Österreichische Bundeshymne - Statistics

General Stats
  • This quiz has been taken 235 times
  • The average score is 33 of 81
Answer Stats
Erste Strophe % Correct
Land
99%
Land
99%
Land
99%
Land
99%
Land
99%
der
98%
der
98%
der
98%
der
98%
Berge
97%
Strome
94%
am
91%
Äcker
86%
Dome
85%
Österreich
82%
Österreich
82%
Österreich
82%
Österreich
82%
Österreich
82%
Österreich
82%
Söhne
74%
zukunftsreich
73%
und
71%
und
71%
und
71%
Töchter
70%
das
64%
Hämmer
64%
Heimat
63%
großer
60%
Schöne
60%
für
57%
Vielgerühmtes
53%
Vielgerühmtes
53%
begnadet
47%
Volk
46%
du
37%
in
26%
in
26%
die
23%
dem
21%
Heiß
18%
umstritten
18%
wild
18%
Erdteil
17%
Liegst
16%
inmitten
15%
Vielgeliebtes
14%
Vielgeliebtes
14%
Vielgeprüftes
14%
Vielgeprüftes
14%
Hast
13%
Herzen
12%
starken
12%
uns
12%
Einem
11%
gleich
11%
umfehdet
11%
seit
10%
Ahnentagen
9%
Hoher
9%
frühen
8%
getragen
8%
Last
8%
Sendung
8%
Vaterland
7%
Frei
6%
neuen
6%
Zeiten
6%
Einig
5%
Mutig
5%
Treue
5%
dir
4%
gläubig
4%
schreiten
4%
sieh
4%
Arbeitsfroh
2%
hoffnungsreich
2%
Jubelchören
2%
lass
2%
schwören
2%
No matching quizzes found
Score Distribution
Percent of People with Each Score
Percentile by Number Answered
Your Score History
You have not taken this quiz